=LDR 00000nam 2200000 4500 =001 INLIS000000000017760 =005 20130612112958 =008 ***********************************Ind** =035 ##$$a0010-061300000017760 =041 ##$$a Ind =082 ##$$a 808.2 =090 ##$$a 808.2, Kra f =100 ##$$a Krauss, Lawrence M =245 ##$$a Fisika starterik, oleh Lawrence M. Krauss =260 ##$$a 2001 $b Jakarta =300 ##$$a xxiii, 220 hlm, 21 cm =650 ##$$a Gambar Hidup-Skenario =850 ##$$a NBPNMAT =990 ##$$a 0001/BPAP-NTB/20142014